Australian commonwealth (Record no. 552821)
[ view plain ]
| 000 -LEADER | |
|---|---|
| fixed length control field | 00690cam a2200169Ki 4500 |
| 082 04 - DEWEY DECIMAL CLASSIFICATION NUMBER | |
| Classification number | 994 |
| Author Mark | TRE |
| 100 1# - MAIN ENTRY--PERSONAL NAME | |
| Personal name | Tregarthen, Greville Philipps, |
| 9 (RLIN) | 50065 |
| 245 10 - TITLE STATEMENT | |
| Title | Australian commonwealth |
| Remainder of title | (New South Wales, Tasmania, Victoria, Western Australia, South Australia, Queensland, New Zealand) / |
| Statement of responsibility, etc. | by Greville Tregarthen. |
| 260 ## - PUBLICATION, DISTRIBUTION, ETC. | |
| Place of publication, distribution, etc. | London : |
| Name of publisher, distributor, etc. | T. Fisher Unwin, |
| Date of publication, distribution, etc. | c1894. |
| 300 ## - PHYSICAL DESCRIPTION | |
| Extent | 1 online resource (xxiv, 444 p.) : |
| Other physical details | ill., maps (1 folded), ports. |
| 490 0# - SERIES STATEMENT | |
| Series statement | The story of the nations ; |
| 500 ## - GENERAL NOTE | |
| General note | "Fourth impression." |
| 526 ## - STUDY PROGRAM INFORMATION NOTE | |
| Program name | 0 |
| Interest level | 0 |
| Reading level | 0 |
| Title point value | 994_000000000000000_TRE |
| 650 ## - SUBJECT ADDED ENTRY--TOPICAL TERM | |
| Topical term or geographic name entry element | MCE |
| 9 (RLIN) | 379 |
| 856 40 - ELECTRONIC LOCATION AND ACCESS | |
| Uniform Resource Identifier | <a href="http://catalog.hathitrust.org/api/volumes/oclc/8544161.html">http://catalog.hathitrust.org/api/volumes/oclc/8544161.html</a> |
| 942 ## - ADDED ENTRY ELEMENTS (KOHA) | |
| Source of classification or shelving scheme | |
| Koha item type | Book |
| Withdrawn status | Lost status | Source of classification or shelving scheme | Damaged status | Not for loan | Permanent Location | Current Location | Shelving location | Date acquired | Total Checkouts | Full call number | Barcode | Date last seen | Price effective from | Koha item type |
|---|---|---|---|---|---|---|---|---|---|---|---|---|---|---|
| Military College of Engineering (MCE) | Military College of Engineering (MCE) | 01/23/2015 | 994 TRE | MCE-ECA/8 | 01/23/2015 | 01/23/2015 | Book |
